[Event "ch-Commonwealth 2012"]
[Site "Chennai IND"]
[Date "2012.11.24"]
[Round "3"]
[White "Swayams, Mishra"]
[Black "Puranik, Abhimanyu"]
[Result "1-0"]
[WhiteTitle "IM"]
[BlackTitle "CM"]
[WhiteElo "2423"]
[BlackElo "2110"]
[WhiteFideId "5028183"]
[BlackFideId "5061245"]
[EventDate "2012.11.23"]

1. d4 Nf6 2. Nf3 c5 3. d5 d6 4. Nc3 a6 5. a4 e6 6. e4 exd5 7. exd5 g6 8. h3 Bg7
9. Bd3 O-O 10. O-O Nbd7 11. Bf4 Qc7 12. Re1 b6 13. Nd2 Nh5 14. Bh2 Ne5 15. Be2
f5 16. Bxh5 gxh5 17. Bxe5 Bxe5 18. Nc4 Bf6 19. Qxh5 Bd7 20. Qf3 Bg7 21. Re7 Rae8
22. Rxg7+ Kxg7 23. Qg3+ Kf6 24. Nxd6 f4 25. Qxf4+ Ke7 1-0

[Event "ch-Commonwealth 2012"]
[Site "Chennai IND"]
[Date "2012.11.24"]
[Round "3"]
[White "Karthikeyan, P."]
[Black "Lakshmi Narayanan, MV"]
[Result "1-0"]
[WhiteTitle "IM"]
[WhiteElo "2414"]
[BlackElo "2107"]
[WhiteFideId "5018226"]
[BlackFideId "5040647"]
[EventDate "2012.11.23"]

1. d4 Nf6 2. c4 c5 3. d5 e5 4. Nc3 d6 5. e4 g6 6. f3 Bg7 7. Be3 O-O 8. g4 Na6 9.
Qd2 Nc7 10. Nge2 a6 11. Ng3 Bd7 12. h4 b5 13. h5 Qe7 14. Bh6 Kh8 15. Bxg7+ Kxg7
16. g5 Ng8 17. Bh3 Bxh3 18. Rxh3 bxc4 19. O-O-O Nb5 20. Rdh1 h6 21. Rg1 Kh7 22.
Nf1 Rab8 23. Ne3 Nd4 24. Qh2 Rb4 25. Rg2 Rfb8 26. f4 exf4 27. Ng4 f3 28. hxg6+
Kxg6 29. Nf6 Qf8 30. Nxg8 Kg7 31. Rxh6 Qxg8 32. Rd2 Ne2+ 33. Nxe2 Rxb2 34. Rxb2
Rxb2 35. Kxb2 Qb8+ 36. Kc2 fxe2 37. Rh7+ Kf8 38. Qxe2 Qb4 39. Rh3 Qa4+ 40. Kc1
Qb4 41. e5 c3 42. exd6 Qa3+ 43. Kc2 Qb2+ 44. Kd3 c4+ 45. Ke3 c2 46. Rh1 Qe5+ 47.
Kd2 c3+ 48. Kd3 Qxd5+ 49. Kxc2 Qxa2+ 50. Kd3 Qd5+ 51. Kxc3 Qxh1 52. Qe7+ Kg7 53.
Qf6+ Kf8 54. Qh6+ 1-0

[Event "ch-Commonwealth 2012"]
[Site "Chennai IND"]
[Date "2012.11.24"]
[Round "3"]
[White "Nishvin.J"]
[Black "Tania, Sachdev"]
[Result "0-1"]
[BlackTitle "IM"]
[WhiteElo "2069"]
[BlackElo "2400"]
[WhiteFideId "5063841"]
[BlackFideId "5007844"]
[EventDate "2012.11.23"]

1. d4 Nf6 2. g3 e6 3. c4 c5 4. d5 exd5 5. cxd5 d6 6. Nc3 g6 7. Nf3 Bg7 8. Bg2
O-O 9. O-O Re8 10. Nd2 a6 11. a4 Nbd7 12. h3 Rb8 13. Nc4 Ne5 14. Na3 Qe7 15. f4
Ned7 16. e4 Nh5 17. Kh2 Qf8 18. g4 Nhf6 19. Qd3 h6 20. Bd2 Nh7 21. Rf2 Bd4 22.
Be3 Bg7 23. Qd2 f5 24. exf5 gxf5 25. g5 hxg5 26. fxg5 Ne5 27. Bf3 f4 28. Bg2 Ng6
29. Qc2 Bf5 30. Be4 Rxe4 31. Nxe4 Nxg5 32. Bxf4 Bxe4 33. Bxg5 Bxc2 34. Rxf8+
Rxf8 0-1

[Event "ch-Commonwealth 2012"]
[Site "Chennai IND"]
[Date "2012.11.24"]
[Round "3"]
[White "Nitin, S."]
[Black "Shantharam, K.V."]
[Result "1-0"]
[WhiteTitle "IM"]
[BlackTitle "FM"]
[WhiteElo "2398"]
[BlackElo "2100"]
[WhiteFideId "5018277"]
[BlackFideId "5000319"]
[EventDate "2012.11.23"]

1. Nf3 Nf6 2. g3 c5 3. Bg2 Nc6 4. O-O d5 5. d3 Bg4 6. h3 Bxf3 7. Bxf3 Qd7 8. Bg2
Rd8 9. Nd2 e6 10. e4 Be7 11. Re1 dxe4 12. dxe4 O-O 13. e5 Nd5 14. c3 b5 15. a4
b4 16. Nc4 Qc7 17. Qg4 bxc3 18. Bh6 g6 19. Bxf8 Bxf8 20. bxc3 Nxc3 21. Rac1 Na2
22. Rcd1 Nd4 23. Rb1 Nb4 24. Red1 Nd5 25. Rdc1 Nb4 26. Qe4 Ndc6 27. Rd1 Rd4 28.
Qe2 Nd5 29. Rxd4 cxd4 30. Bxd5 exd5 31. Nd6 Bxd6 32. exd6 Qxd6 33. Qe8+ Kg7 34.
Rb7 Qf6 35. Rc7 d3 36. Rc8 Kh6 37. Rxc6 Qf3 38. Qe1 Qe2 39. Qf1 1-0

[Event "ch-Commonwealth 2012"]
[Site "Chennai IND"]
[Date "2012.11.24"]
[Round "3"]
[White "Ritviz, Parab"]
[Black "Garcia, Jan Emmanuel"]
[Result "1/2-1/2"]
[BlackTitle "IM"]
[WhiteElo "2053"]
[BlackElo "2394"]
[WhiteFideId "5073367"]
[BlackFideId "5200750"]
[EventDate "2012.11.23"]

1. e4 d6 2. d4 Nf6 3. Nc3 g6 4. Nf3 Bg7 5. h3 O-O 6. Be3 c6 7. a4 Qc7 8. a5 e5
9. dxe5 dxe5 10. Bc4 Nbd7 11. O-O b5 12. axb6 Nxb6 13. Bb3 Bb7 14. Qe2 c5 15.
Nd2 a5 16. Qb5 Nfd7 17. Nd5 Nxd5 18. Bxd5 Rfb8 19. Qd3 Bxd5 20. Qxd5 Nf6 21. Qa2
Qb7 22. Bxc5 Rc8 23. Qa3 Bh6 24. Be3 Bxe3 25. Qxe3 Rxc2 26. b3 Qb4 27. Nc4 Rc3
28. Qg5 Qxb3 29. Qxf6 Qxc4 30. Rxa5 Rxa5 31. Qd8+ Kg7 32. Qxa5 Qd4 33. Re1 Rd3
34. Qb5 h5 35. Qa5 h4 36. Qa1 Rc3 37. Qd1 Rd3 38. Qa1 Qd6 39. Qa7 Rd2 40. Qe3
Qb4 41. Qg5 Rd5 42. exd5 Qxe1+ 43. Kh2 Qxf2 44. Qxe5+ 1/2-1/2

[Event "ch-Commonwealth 2012"]
[Site "Chennai IND"]
[Date "2012.11.24"]
[Round "3"]
[White "Rajesh, V A V"]
[Black "Ebenezer, Joseph"]
[Result "1-0"]
[WhiteTitle "FM"]
[BlackTitle "CM"]
[WhiteElo "2370"]
[BlackElo "2072"]
[WhiteFideId "5029317"]
[BlackFideId "5003377"]
[EventDate "2012.11.23"]

1. d4 Nf6 2. c4 g6 3. Nc3 Bg7 4. e4 d6 5. h3 O-O 6. Nf3 e5 7. d5 a5 8. Bd3 Na6
9. O-O Nh5 10. Be3 Nf4 11. Bc2 f5 12. exf5 Bxf5 13. Bxf5 Rxf5 14. Ne4 Qe7 15.
Kh2 h6 16. Re1 Raf8 17. Ng1 R5f7 18. a3 b6 19. Ne2 Nh5 20. b4 Qh4 21. N2c3 Nb8
22. bxa5 bxa5 23. Rb1 Nd7 24. Rb7 Nc5 25. Bxc5 dxc5 26. Qg4 Qe7 27. Qxg6 Nf4 28.
Qg3 Kh7 29. Qe3 Rg8 30. g3 Nh5 31. d6 Qe6 32. Qd3 Kh8 33. Rxc7 Rxc7 34. dxc7 1-0

[Event "ch-Commonwealth 2012"]
[Site "Chennai IND"]
[Date "2012.11.25"]
[Round "4"]
[White "Oleksienko, Mikhailo"]
[Black "Gomes, Mary Ann"]
[Result "1-0"]
[WhiteTitle "GM"]
[BlackTitle "WGM"]
[WhiteElo "2551"]
[BlackElo "2384"]
[WhiteFideId "4152417"]
[BlackFideId "5013623"]
[EventDate "2012.11.23"]

1. e4 c5 2. Nf3 d6 3. c3 Nf6 4. Be2 Nbd7 5. d3 g6 6. O-O Bg7 7. Nbd2 O-O 8. d4
cxd4 9. cxd4 e5 10. d5 Nc5 11. Qc2 a5 12. Nxe5 Nfxe4 13. Nxe4 Bf5 14. Nc4 Bxe4
15. Qd1 Re8 16. Bf4 Bf8 17. a4 Bxd5 18. Qxd5 Rxe2 19. Be3 Qh4 20. Rac1 Re8 21.
Qf3 R2xe3 22. fxe3 f5 23. Qd5+ Re6 24. Nxa5 Qe4 25. Qxe4 Rxe4 26. Rc4 Rxe3 27.
Rb4 Re7 28. Rd1 Rd7 29. Rb5 d5 30. Ra1 Bg7 31. Kf1 Nd3 32. Rxb7 Rd6 33. Nb3 Nxb2
34. a5 Nc4 35. Re1 Kf8 36. Ree7 Be5 37. Rxh7 Rc6 38. Nd4 Ra6 39. Nf3 Kg8 40.
Nxe5 Nxe5 41. Rbg7+ Kf8 42. Ra7 1-0

[Event "ch-Commonwealth 2012"]
[Site "Chennai IND"]
[Date "2012.11.25"]
[Round "4"]
[White "Krishna, C.R.G."]
[Black "Lalith, Babu M.R."]
[Result "0-1"]
[BlackTitle "GM"]
[WhiteElo "2327"]
[BlackElo "2528"]
[WhiteFideId "5018625"]
[BlackFideId "5024595"]
[EventDate "2012.11.23"]

1. d4 d5 2. Nf3 Bf5 3. c4 e6 4. Qb3 Nc6 5. Bd2 Rb8 6. e3 Nf6 7. Bd3 Bg4 8. cxd5
exd5 9. Ne5 Nxe5 10. dxe5 Nd7 11. Qa4 Be6 12. Bc3 c6 13. Qf4 b5 14. a3 c5 15. b4
Qc7 16. O-O Be7 17. Qg3 O-O 18. f4 f5 19. Bd2 Nb6 20. Bxb5 Nc4 21. Bxc4 dxc4 22.
Nc3 Rfd8 23. Qf2 Rd3 24. b5 Qd7 25. Ra2 Bd8 26. a4 Ba5 27. Rc2 Rd8 28. Be1 Bb4
29. Qf3 Qc7 30. Na2 Qa5 31. Nxb4 cxb4 32. Qc6 Bd5 33. Qc5 c3 34. Rc1 Qxa4 35.
Bh4 Re8 36. Ra1 Qc2 37. Rf2 Rd1+ 38. Rxd1 Qxd1+ 39. Rf1 c2 40. Qc7 b3 41. Qc3
Qe2 42. Bf2 Qxb5 0-1

[Event "ch-Commonwealth 2012"]
[Site "Chennai IND"]
[Date "2012.11.25"]
[Round "4"]
[White "Sethuraman, S.P."]
[Black "Mohota, Nisha"]
[Result "1-0"]
[WhiteTitle "GM"]
[BlackTitle "IM"]
[WhiteElo "2520"]
[BlackElo "2342"]
[WhiteFideId "5021596"]
[BlackFideId "5004330"]
[EventDate "2012.11.23"]

1. e4 e5 2. Nf3 Nc6 3. Bb5 a6 4. Ba4 Nf6 5. O-O Be7 6. Re1 b5 7. Bb3 d6 8. c3
O-O 9. h3 Nb8 10. d4 Nbd7 11. Nbd2 Bb7 12. Bc2 Re8 13. Nf1 Bf8 14. Ng3 g6 15. b3
c6 16. Bg5 Bg7 17. Qd2 Qe7 18. a4 Rad8 19. Bd3 Qf8 20. axb5 cxb5 21. d5 Nc5 22.
Bc2 Rc8 23. b4 Ncd7 24. Be3 Qe7 25. Rec1 Qd8 26. Bb3 Nb6 27. Qa2 Nc4 28. Bxc4
bxc4 29. Nd2 Qc7 30. Qa5 Nd7 31. Rcb1 f5 32. exf5 Nf6 33. Nde4 Nxd5 34. Qxc7
Rxc7 35. Nxd6 Ra8 36. fxg6 Nxc3 37. gxh7+ Kxh7 38. Rc1 e4 39. Ra5 Bf6 40. Rf5
Bg7 41. Rh5+ Kg8 42. Rg5 Na2 43. Rxc4 Rxc4 44. Nxc4 Kh7 45. Nd6 Bc6 46. Rh5+ Kg6
47. Rc5 Bd7 48. h4 Nxb4 49. h5+ Kh7 50. Rc7 Nd5 51. Rxd7 Nxe3 52. fxe3 Kh8 53.
Ngf5 Bb2 54. Nf7+ Kg8 55. N7h6+ 1-0

[Event "ch-Commonwealth 2012"]
[Site "Chennai IND"]
[Date "2012.11.25"]
[Round "4"]
[White "Arun Prasad, S."]
[Black "Ikeda, Junta"]
[Result "1-0"]
[WhiteTitle "GM"]
[BlackTitle "FM"]
[WhiteElo "2513"]
[BlackElo "2304"]
[WhiteFideId "5011167"]
[BlackFideId "3204731"]
[EventDate "2012.11.23"]

1. c4 b6 2. Nc3 Bb7 3. Nf3 Nf6 4. g3 g6 5. Bg2 Bg7 6. O-O O-O 7. Re1 c5 8. e4
Nc6 9. d3 d6 10. h3 a6 11. Be3 Rc8 12. Qd2 Nd7 13. Bh6 Nd4 14. Bxg7 Kxg7 15. Nh2
e5 16. f4 f5 17. Rf1 Kh8 18. Rae1 Qe7 19. exf5 Bxg2 20. f6 Nxf6 21. Qxg2 Rce8
22. Nf3 Qb7 23. fxe5 Nxf3+ 24. Rxf3 dxe5 25. Nd5 Nxd5 26. Rxf8+ Rxf8 27. Rxe5
Qg7 28. Rxd5 Qh6 29. Re5 Qc1+ 30. Kh2 Qb1 31. Qe2 Rf1 32. Kg2 Rg1+ 33. Kf2 1-0

[Event "ch-Commonwealth 2012"]
[Site "Chennai IND"]
[Date "2012.11.25"]
[Round "4"]
[White "Deepan, Chakkravarthy J."]
[Black "Arun, Karthik R."]
[Result "1/2-1/2"]
[WhiteTitle "GM"]
[WhiteElo "2500"]
[BlackElo "2278"]
[WhiteFideId "5011132"]
[BlackFideId "5021030"]
[EventDate "2012.11.23"]

1. e4 e5 2. Nf3 Nc6 3. Bb5 a6 4. Ba4 Nf6 5. O-O Be7 6. Re1 b5 7. Bb3 d6 8. c3
O-O 9. d4 Bg4 10. Be3 exd4 11. cxd4 Na5 12. Bc2 c5 13. h3 Bxf3 14. Qxf3 cxd4 15.
Bxd4 Nc6 16. Qd1 Nxd4 17. Qxd4 Rc8 18. Bb3 d5 19. exd5 Bc5 20. Qd2 b4 21. Qd3
Qb6 22. Qf3 Ne4 23. Rxe4 Bxf2+ 24. Kh2 Rc1 25. d6 Bg1+ 26. Kg3 Qxd6+ 27. Qf4
Qg6+ 28. Qg4 Qd6+ 29. Qf4 Qg6+ 30. Qg4 Qd6+ 1/2-1/2

[Event "ch-Commonwealth 2012"]
[Site "Chennai IND"]
[Date "2012.11.25"]
[Round "4"]
[White "Nolte, Rolando"]
[Black "Prakash, G B"]
[Result "1-0"]
[WhiteTitle "IM"]
[BlackTitle "IM"]
[WhiteElo "2445"]
[BlackElo "2270"]
[WhiteFideId "5200636"]
[BlackFideId "5001285"]
[EventDate "2012.11.23"]

1. Nf3 f5 2. g3 Nf6 3. Bg2 d6 4. d4 e6 5. c4 Be7 6. O-O O-O 7. Nc3 a5 8. Re1 Ne4
9. Qc2 Nc6 10. Nxe4 Nb4 11. Qb1 fxe4 12. Qxe4 e5 13. g4 c6 14. d5 cxd5 15. cxd5
Bd7 16. a3 Na6 17. Be3 a4 18. Rac1 b6 19. Nxe5 dxe5 20. d6 Bh4 21. g5 1-0

[Event "ch-Commonwealth 2012"]
[Site "Chennai IND"]
[Date "2012.11.25"]
[Round "4"]
[White "Purushothaman, T"]
[Black "Sundararajan, Kidambi"]
[Result "1/2-1/2"]
[BlackTitle "GM"]
[WhiteElo "2286"]
[BlackElo "2434"]
[WhiteFideId "5012791"]
[BlackFideId "5005370"]
[EventDate "2012.11.23"]

1. d4 e6 2. c4 Bb4+ 3. Bd2 Bxd2+ 4. Qxd2 f5 5. g4 fxg4 6. h3 g3 7. fxg3 Nf6 8.
Bg2 O-O 9. g4 d5 10. Nc3 c5 11. dxc5 Ne4 12. Nxe4 Qh4+ 13. Kd1 dxe4 14. Bxe4 Rd8
15. Bd3 Nc6 16. Nf3 Qf2 17. Kc2 e5 18. Raf1 Qxc5 19. Ng5 Nb4+ 20. Kb1 Nxd3 21.
exd3 Qxc4 22. dxc4 Rxd2 23. Rd1 Rd4 24. Rxd4 exd4 25. Rd1 Bd7 26. Rxd4 Bc6 27.
Ne6 Re8 28. Rd8 Rxd8 29. Nxd8 Be4+ 30. Kc1 g5 31. Kd2 Kg7 32. Ke3 Bg2 33. Kf2
Bxh3 34. Kg3 Bf1 35. b3 b6 36. Nc6 a5 37. Ne5 Be2 38. Kf2 Bd1 39. Ke1 Bc2 40.
Kd2 Bb1 41. a4 Be4 42. Nd7 Bf3 43. Nxb6 Kf6 44. Nd7+ Ke6 45. Nf8+ Ke5 46. Nxh7
Kf4 47. Nf6 Ke5 48. Nd7+ Kd6 49. Nf6 Ke5 50. Nh7 Kf4 51. Nf6 Ke5 1/2-1/2

[Event "ch-Commonwealth 2012"]
[Site "Chennai IND"]
[Date "2012.11.25"]
[Round "4"]
[White "Kathmale, Sameer"]
[Black "Rathnakaran, K."]
[Result "1-0"]
[BlackTitle "IM"]
[WhiteElo "2281"]
[BlackElo "2430"]
[WhiteFideId "5024498"]
[BlackFideId "5005507"]
[EventDate "2012.11.23"]

1. e4 e6 2. d4 b6 3. Nf3 Bb7 4. Bd3 d6 5. O-O Nd7 6. Re1 Be7 7. Nbd2 g5 8. d5 e5
9. Nf1 h5 10. Ng3 Bf6 11. h3 h4 12. Nf5 Ne7 13. Nxe7 Qxe7 14. Nh2 O-O-O 15. b4
Rdg8 16. c4 g4 17. Nxg4 Bg5 18. Qf3 Rg6 19. a4 Rhg8 20. a5 Kb8 21. axb6 axb6 22.
Bf1 Bf4 23. Bxf4 exf4 24. Qxf4 Ne5 25. Nxe5 dxe5 26. Qd2 Qf6 27. Ra3 Qg7 28. f4
exf4 29. c5 f3 30. Rxf3 Ba6 31. Rf2 Bxf1 32. Rexf1 Qe5 33. Re1 Rg3 34. Kf1 bxc5
35. bxc5 Rb3 36. Qa2 Qc3 37. Ra1 Qd3+ 38. Kg1 Kc8 39. Qa8+ Rb8 40. Qa6+ Qxa6 41.
Rxa6 Rg7 42. Rh6 1-0

[Event "ch-Commonwealth 2012"]
[Site "Chennai IND"]
[Date "2012.11.25"]
[Round "4"]
[White "Dahale, Atul"]
[Black "Karthikeyan, P."]
[Result "0-1"]
[BlackTitle "IM"]
[WhiteElo "2123"]
[BlackElo "2414"]
[WhiteFideId "5037794"]
[BlackFideId "5018226"]
[EventDate "2012.11.23"]

1. d4 Nf6 2. c4 c5 3. d5 e6 4. Nc3 exd5 5. cxd5 d6 6. e4 g6 7. Nge2 Bg7 8. Ng3
h5 9. Be2 a6 10. a4 Nbd7 11. O-O Qc7 12. f3 O-O 13. Be3 h4 14. Nh1 Nh7 15. Qd2
f5 16. Nf2 Ne5 17. Rfd1 f4 18. Bxf4 h3 19. Be3 g5 20. Rf1 hxg2 21. Kxg2 Qf7 22.
Ng4 Qh5 23. Kh1 Nxg4 24. fxg4 Bxg4 25. Bxg4 Qxg4 26. Qg2 Qxg2+ 27. Kxg2 Rfe8 28.
Bf2 Nf6 29. e5 Rxe5 30. Bg3 Ree8 31. Bxd6 Rad8 32. Bxc5 Nxd5 33. Rad1 Nf4+ 34.
Kf3 Nd3 35. Ba3 Rd4 36. Ne2 g4+ 0-1

[Event "ch-Commonwealth 2012"]
[Site "Chennai IND"]
[Date "2012.11.25"]
[Round "4"]
[White "Tania, Sachdev"]
[Black "Abhishek, Kelkar"]
[Result "1/2-1/2"]
[WhiteTitle "IM"]
[WhiteElo "2400"]
[BlackElo "2262"]
[WhiteFideId "5007844"]
[BlackFideId "5019257"]
[EventDate "2012.11.23"]

1. d4 d6 2. c4 Nf6 3. Nc3 g6 4. e4 Bg7 5. f3 O-O 6. Nge2 c5 7. d5 e6 8. Ng3 exd5
9. cxd5 h5 10. Bg5 Qb6 11. Qd2 Nh7 12. Bh4 Nd7 13. Be2 g5 14. Bxg5 Nxg5 15. Nxh5
Nh7 16. Nxg7 Kxg7 17. g4 a6 18. O-O-O Qa5 19. Kb1 b5 20. Rdg1 Qb4 21. h4 Qd4 22.
Qc1 c4 23. Nd1 Nc5 24. g5 Rh8 25. h5 Nf8 26. Qf4 Qe5 1/2-1/2

[Event "ch-Commonwealth 2012"]
[Site "Chennai IND"]
[Date "2012.11.25"]
[Round "4"]
[White "Dhulipala, Bala Chandra Prasad"]
[Black "Paragua, Mark"]
[Result "0-1"]
[BlackTitle "GM"]
[WhiteElo "2043"]
[BlackElo "2532"]
[WhiteFideId "25005812"]
[BlackFideId "5201241"]
[EventDate "2012.11.23"]

1. d4 Nf6 2. Bf4 e6 3. e3 b6 4. Nf3 Bb7 5. Bd3 d6 6. h3 Nbd7 7. O-O g6 8. a4 a6
9. Qe2 Qe7 10. Bh2 Bg7 11. Nbd2 e5 12. dxe5 dxe5 13. Bc4 O-O 14. Rfd1 Kh8 15. c3
Ne8 16. e4 Nd6 17. Bd5 c6 18. Bb3 b5 19. Bg3 c5 20. c4 b4 21. Bc2 f5 22. exf5
gxf5 23. Nf1 a5 24. Bh4 Bf6 25. Bxf6+ Rxf6 26. Ne3 Rg8 27. Nd5 Qg7 28. Ne1 Rg6
29. f3 e4 30. f4 Bxd5 31. Rxd5 Nb6 32. Rdd1 Qxb2 33. Rab1 Qc3 34. Bb3 Nbxc4 35.
Kh1 Rg3 0-1

[Event "ch-Commonwealth 2012"]
[Site "Chennai IND"]
[Date "2012.11.25"]
[Round "4"]
[White "Sahoo, Utkal Ranjan"]
[Black "Lintchevski, Daniil"]
[Result "0-1"]
[BlackTitle "GM"]
[WhiteElo "2235"]
[BlackElo "2555"]
[WhiteFideId "5034566"]
[BlackFideId "4171055"]
[EventDate "2012.11.23"]

1. e4 c6 2. d4 d5 3. Nc3 dxe4 4. Nxe4 Bf5 5. Ng3 Bg6 6. h4 h6 7. Nf3 Nd7 8. h5
Bh7 9. Bd3 Bxd3 10. Qxd3 e6 11. Bd2 Ngf6 12. O-O-O Be7 13. Kb1 Rc8 14. Ne4 Nxe4
15. Qxe4 Nf6 16. Qd3 c5 17. Qb5+ Qd7 18. Qxd7+ Nxd7 19. Be3 Nf6 20. Ne5 c4 21.
c3 Nd5 22. Rh3 O-O 23. g4 Bd6 24. f4 f5 25. Rg1 Bxe5 26. dxe5 fxg4 27. Rxg4 Rf5
28. Bc1 Rcf8 29. Rhg3 R8f7 30. Rg6 Nxf4 31. Bxf4 Rxf4 32. a4 Re7 33. Rxh6 Rf5
34. Rhg6 Rxh5 35. R6g4 Rxe5 36. Rxc4 Rf5 37. b4 Rf2 38. Kc1 e5 39. Kd1 b6 40.
Ke1 Rh2 41. Re4 Kh7 42. Rg5 Rc7 43. Rexe5 Rxc3 44. Rh5+ Rxh5 45. Rxh5+ Kg6 46.
Rd5 Ra3 47. a5 bxa5 48. bxa5 Kh7 49. Kd2 a6 50. Kc2 Rf3 51. Rd6 Rf6 52. Rb6 Kg6
53. Kd3 Kf5 54. Ke3 Ke5 55. Rb7 g6 56. Rg7 Kd5 57. Rb7 Ke5 58. Rg7 Rc6 59. Kf3
Kf5 60. Rf7+ Kg5 61. Ra7 Re6 62. Kg3 Kf5 63. Rf7+ Ke4 64. Kg4 Kd4 65. Rb7 Re4+
66. Kf3 Re6 67. Kf4 Rf6+ 68. Kg4 Rc6 69. Kf3 g5 70. Rb4+ Kc5 71. Rb7 Kc4 72. Rb6
Kd5 73. Rb1 Rc5 74. Ra1 Kc6 75. Ke4 Kb5 76. Kd4 Rc4+ 77. Kd5 Rb4 78. Rg1 Kxa5
79. Kc6 Rc4+ 80. Kd5 Kb5 81. Rb1+ Rb4 82. Rf1 g4 83. Rf8 a5 84. Rb8+ Ka4 85. Ra8
g3 86. Rg8 Rb3 87. Kc4 Ka3 88. Kc5 a4 89. Rg4 Rd3 90. Kb5 Kb3 91. Rb4+ Kc3 92.
Rc4+ Kd2 93. Kxa4 Ke3 0-1

[Event "ch-Commonwealth 2012"]
[Site "Chennai IND"]
[Date "2012.11.25"]
[Round "4"]
[White "Patil, Pratik"]
[Black "Venkatesh, M.R."]
[Result "0-1"]
[BlackTitle "GM"]
[WhiteElo "2208"]
[BlackElo "2520"]
[WhiteFideId "5038758"]
[BlackFideId "5005779"]
[EventDate "2012.11.23"]

1. e4 e5 2. Bc4 Nf6 3. d3 c6 4. Nf3 d5 5. Bb3 Bd6 6. Qe2 O-O 7. O-O Nbd7 8. c3
Nc5 9. Bc2 Bg4 10. h3 Bh5 11. Re1 Ne6 12. Nbd2 Re8 13. Nf1 Nf4 14. Bxf4 exf4 15.
N1d2 Qb6 16. Rab1 Re7 17. Qf1 Rae8 18. b4 Bb8 19. exd5 Nxd5 20. c4 Nc3 21. Rxe7
Rxe7 22. Rb2 Qd8 23. a3 Ne2+ 24. Kh1 Nd4 25. Bd1 Bg6 26. Ne4 Nxf3 27. Bxf3 Qd4
28. Re2 Be5 29. Qe1 f6 30. c5 h6 31. Qc1 Qxd3 32. Rd2 Qb3 33. Nd6 Bc3 34. Re2
Be5 35. Rd2 Kh7 36. b5 Rc7 37. bxc6 bxc6 38. Be4 Bxe4 39. Nxe4 f3 40. g3 Rb7 41.
Nd6 Qb1 42. Qxb1+ Rxb1+ 43. Kh2 Rc1 44. Nb7 Rc3 45. a4 h5 46. h4 Rc4 47. Kh3 g5
48. hxg5 fxg5 49. Nd8 Rh4+ 0-1

[Event "ch-Commonwealth 2012"]
[Site "Chennai IND"]
[Date "2012.11.25"]
[Round "4"]
[White "Anilkumar, O.T."]
[Black "Akshayraj, Kore"]
[Result "0-1"]
[BlackTitle "IM"]
[WhiteElo "2173"]
[BlackElo "2459"]
[WhiteFideId "5017530"]
[BlackFideId "5012414"]
[EventDate "2012.11.23"]

1. e4 e5 2. Nf3 Nc6 3. Bc4 Nf6 4. d3 Be7 5. Nc3 d6 6. h3 Na5 7. Bb3 a6 8. Ne2
Nxb3 9. axb3 d5 10. exd5 Qxd5 11. Be3 O-O 12. O-O Qd6 13. d4 exd4 14. Bf4 Qb6
15. Nexd4 Rd8 16. Qe2 Bf8 17. Qc4 c5 18. Ne2 Be6 19. Qa4 Nd5 20. Be5 Nb4 21.
Rfc1 Bd5 22. Ne1 Re8 23. f4 f6 24. c3 0-1

[Event "ch-Commonwealth 2012"]
[Site "Chennai IND"]
[Date "2012.11.25"]
[Round "4"]
[White "Fominyh, Alexander"]
[Black "Karma, Pandya"]
[Result "1/2-1/2"]
[WhiteTitle "GM"]
[WhiteElo "2456"]
[BlackElo "2153"]
[WhiteFideId "4100590"]
[BlackFideId "5030331"]
[EventDate "2012.11.23"]

1. c4 c5 2. Nf3 Nf6 3. Nc3 Nc6 4. d4 cxd4 5. Nxd4 e6 6. a3 Be7 7. g3 Qb6 8. e3
O-O 9. Bg2 d6 10. O-O Bd7 11. b3 Rfc8 12. Nde2 Qd8 13. a4 Qf8 14. Ba3 Rd8 15.
Qb1 Rab8 16. Rd1 a6 17. Ra2 b6 18. Rad2 Be8 19. Qa1 Na5 20. Qa2 Bc6 21. e4 Ba8
22. Nd4 Rbc8 23. Qb1 g6 24. Nde2 Nc6 25. Nf4 h5 26. h3 Ne5 27. Nd3 Nfd7 28. Ne1
Nc5 29. f4 Nc6 30. b4 Nb7 31. Nc2 h4 32. Ne2 hxg3 33. Nxg3 a5 34. b5 Nb8 35. Nd4
Qh6 36. Nde2 Rxc4 37. e5 Bh4 38. exd6 Bxg3 39. Nxg3 Qxf4 40. Rd3 Nd7 41. Ne2 Qh4
42. Rd4 Rxd4 43. Rxd4 Qh5 44. Nf4 Qf5 45. Qd1 Nbc5 46. Bc6 Qg5+ 47. Ng2 Ne5 48.
Bc1 Qg3 49. Bf4 Nf3+ 50. Qxf3 Qxf3 51. Bxf3 Bxf3 52. Bg5 Rd7 53. Bf6 Ne4 54. Be7
Bxg2 55. Kxg2 f5 56. Kf3 e5 57. Rd5 Kf7 58. Rxe5 Nxd6 59. Bxd6 Rxd6 60. Re3 Kf6
61. Rc3 g5 62. Rc8 Rd3+ 63. Kg2 Ke5 64. Rb8 Rd6 65. Kf3 Rd3+ 66. Kg2 Kf4 67.
Rxb6 Rd2+ 68. Kf1 Ra2 69. Rc6 Rxa4 70. b6 Rb4 71. Kg2 Rb2+ 72. Kf1 Kg3 73. Rc5
Rb1+ 74. Ke2 g4 75. hxg4 f4 76. g5 f3+ 77. Ke3 Rb3+ 78. Ke4 Rxb6 79. Rxa5 f2 80.
Rf5 Rb4+ 81. Ke3 Rb3+ 82. Ke4 Kg2 83. Rxf2+ Kxf2 84. g6 Kg3 85. g7 Rb8 86. Kf5
Kh4 87. Kg6 Rb6+ 88. Kf7 Rb7+ 89. Kg6 Rb6+ 1/2-1/2

[Event "ch-Commonwealth 2012"]
[Site "Chennai IND"]
[Date "2012.11.25"]
[Round "4"]
[White "Visakh, NR"]
[Black "Thejkumar, M. S."]
[Result "1/2-1/2"]
[BlackTitle "IM"]
[WhiteElo "2152"]
[BlackElo "2442"]
[WhiteFideId "25012223"]
[BlackFideId "5009154"]
[EventDate "2012.11.23"]

1. d4 d5 2. c4 e5 3. dxe5 d4 4. Nf3 Nc6 5. a3 Bg4 6. Nbd2 Qe7 7. h3 Bh5 8. g3 d3
9. e3 O-O-O 10. Qb3 Nxe5 11. Nxe5 Qxe5 12. Bxd3 Nf6 13. O-O Qe6 14. Kh2 Bg6 15.
e4 h5 16. Nf3 h4 17. Nxh4 Rxh4 18. gxh4 Qd6+ 19. e5 Qxd3 20. Qxd3 Bxd3 21. Rd1
Ne4 22. Be3 Bc5 23. Bxc5 Nxc5 24. Rac1 Bf5 25. Rxd8+ Kxd8 26. Re1 Ke7 27. b4 Nd3
28. Re3 Ke6 29. Kg3 Nb2 30. c5 Nc4 31. Re1 Nxa3 32. Ra1 Nb5 33. Kf4 g6 34. Kg5
Bxh3 35. f4 a6 36. c6 bxc6 37. Rxa6 Bg2 38. f5+ Kxe5 39. fxg6 fxg6 40. Kxg6 Be4+
41. Kg7 Nd4 42. h5 Ke6 43. h6 Nf5+ 44. Kg6 Nxh6+ 45. Kxh6 Kd5 46. Ra7 Kc4 47.
Rxc7 Kxb4 48. Kg5 Kc4 49. Kf4 Kd4 50. Ra7 c5 51. Ra4+ c4 52. Rb4 Bd5 53. Ra4 Kd3
54. Ke5 Bb7 55. Rb4 Bf3 56. Rxc4 1/2-1/2